000
00257nam a22001097a 4500
999
_c
168334
_d
168334
082
_a
_b
100
_a
Jan Azthyana
245
_a
Hindi katha sahithya samakaleen sandart/
_c
by Jan Azthyana.
260
_a
Mathura:
_b
Jawahar,
_c
650
_a
942
_c
BK